000 00503cam a2200169 4500
001 D11240
008 090401t xxu||||| |||| 00| 0 eng d
035 _a(Sirsi) u97567
041 _aeng
050 _a346.41032
100 _aPalmer, John Edward Somerset
_cSir
_d1926-
245 _aProfessionalism, standards and negligence
350 _a0
520 _aIn RICS Annual conference 1982 5th - 8th October, Hotel de France, Jersey (Paper 4) 1982/40A (Archives only)
942 _n0
948 _c04/03/1997
999 _c98944
_d98944